Leisure and life-style: a comparative analysis of free time
| Beteiligte: | ; |
|---|---|
| Medienart: | Druck Buch |
| Sprache: | Englisch |
| Veröffentlicht: |
London [u.a.]
Sage
1989
|
| In: |
Sage studies in international sociology (38)
Jahr: 1989 |
| Ausgabe: | 1. publ. |
| Bestand in Tübingen: | In Tübingen vorhanden. UB: KB 18 A 6460 |
| Verfügbarkeit prüfen: | HBZ Gateway |
| Subito Bestelldienst: | Jetzt bestellen. |
| Schlagwörter: |
MARC
| LEADER | 00000cam a2200000 c 4500 | ||
|---|---|---|---|
| 001 | 272597783 | ||
| 003 | DE-627 | ||
| 005 | 20260206200036.0 | ||
| 007 | tu | ||
| 008 | 900503s1989 xxk||||| 00| ||eng c | ||
| 020 | |a 0803982151 |9 0-8039-8215-1 | ||
| 035 | |a (DE-627)272597783 | ||
| 035 | |a (DE-603)016262336 | ||
| 035 | |a (DE-576)020342128 | ||
| 035 | |a (DE-599)GBV272597783 | ||
| 035 | |a (OCoLC)246738506 | ||
| 035 | |a (OCoLC)21146851 | ||
| 035 | |a (OCoLC)21146851 | ||
| 035 | |a (OCoLC)246738506 | ||
| 035 | |a (DE-604)8030877490 | ||
| 040 | |a DE-627 |b ger |c DE-627 |e rakwb | ||
| 041 | |a eng | ||
| 044 | |c XA-GB | ||
| 050 | 0 | |a GV181.3 | |
| 082 | 0 | |a 306.4/812 | |
| 082 | 0 | |a 306.4812 | |
| 084 | |a MS 6530 |2 rvk |0 (DE-625)rvk/123758: | ||
| 245 | 0 | 0 | |a Leisure and life-style |b a comparative analysis of free time |c ed. by Anna Olszewska ... |
| 250 | |a 1. publ. | ||
| 264 | 1 | |a London [u.a.] |b Sage |c 1989 | |
| 300 | |a 200 S. |b graph. Darst. |c 8° | ||
| 336 | |a Text |b txt |2 rdacontent | ||
| 337 | |a ohne Hilfsmittel zu benutzen |b n |2 rdamedia | ||
| 338 | |a Band |b nc |2 rdacarrier | ||
| 490 | 1 | |a Sage studies in international sociology |v 38 | |
| 500 | |a Literaturverz. S. 191 - 193 | ||
| 505 | 8 | |a Literaturangaben | |
| 505 | 8 | |a Literaturangaben | |
| 650 | 0 | 7 | |0 (DE-588)4120509-1 |0 (DE-627)104262591 |0 (DE-576)209535695 |a Internationaler Vergleich |2 gnd |
| 650 | 0 | 7 | |0 (DE-588)4131402-5 |0 (DE-627)105695270 |0 (DE-576)20962700X |a Freizeitforschung |2 gnd |
| 650 | 0 | 7 | |0 (DE-588)4138354-0 |0 (DE-627)10415151X |0 (DE-576)209685336 |a Lebensstil |2 gnd |
| 650 | 0 | 7 | |0 (DE-588)4018382-8 |0 (DE-627)106326155 |0 (DE-576)208924124 |a Freizeit |2 gnd |
| 650 | 0 | 7 | |0 (DE-588)4077624-4 |0 (DE-627)104152036 |0 (DE-576)209205849 |a Soziologie |2 gnd |
| 650 | 0 | 7 | |0 (DE-588)4220810-5 |0 (DE-627)105015032 |0 (DE-576)210267968 |a Freizeitgesellschaft |2 gnd |
| 650 | 4 | |a Internationaler Vergleich | |
| 650 | 4 | |a Freizeit | |
| 650 | 4 | |a Arbeitszeit | |
| 650 | 4 | |a Gesellschaft | |
| 653 | 0 | |a Leisure |a Social aspects | |
| 653 | 0 | |a Recreation | |
| 653 | 0 | |a Tourist trade | |
| 655 | 7 | |a Aufsatzsammlung |0 (DE-588)4143413-4 |0 (DE-627)105605727 |0 (DE-576)209726091 |2 gnd-content | |
| 689 | 0 | 0 | |d s |0 (DE-588)4220810-5 |0 (DE-627)105015032 |0 (DE-576)210267968 |a Freizeitgesellschaft |2 gnd |
| 689 | 0 | |5 (DE-627) | |
| 689 | 1 | 0 | |d s |0 (DE-588)4131402-5 |0 (DE-627)105695270 |0 (DE-576)20962700X |a Freizeitforschung |2 gnd |
| 689 | 1 | |5 (DE-627) | |
| 689 | 2 | 0 | |d s |0 (DE-588)4018382-8 |0 (DE-627)106326155 |0 (DE-576)208924124 |a Freizeit |2 gnd |
| 689 | 2 | 1 | |d s |0 (DE-588)4077624-4 |0 (DE-627)104152036 |0 (DE-576)209205849 |a Soziologie |2 gnd |
| 689 | 2 | 2 | |d s |0 (DE-588)4138354-0 |0 (DE-627)10415151X |0 (DE-576)209685336 |a Lebensstil |2 gnd |
| 689 | 2 | |5 (DE-627) | |
| 689 | 3 | 0 | |d s |0 (DE-588)4120509-1 |0 (DE-627)104262591 |0 (DE-576)209535695 |a Internationaler Vergleich |2 gnd |
| 689 | 3 | |5 (DE-627) | |
| 700 | 1 | |8 1\p |a Olszewska, Anna |e Hrsg. |0 (DE-588)128183810 |0 (DE-627)69616888X |0 (DE-576)29695649X |4 edt | |
| 700 | 1 | |a Roberts, Kenneth |e Hrsg. |4 edt | |
| 830 | 0 | |a Sage studies in international sociology |v 38 |9 38 |w (DE-627)129440744 |w (DE-576)008456461 |w (DE-600)194883-0 |7 am | |
| 883 | |8 1\p |a cgwrk |d 20241001 |q DE-101 |u https://d-nb.info/provenance/plan#cgwrk | ||
| 889 | |w (DE-627)025348515 | ||
| 935 | |i mdedup | ||
| 935 | |i Blocktest | ||
| 935 | |h HEB |i 0501 | ||
| 935 | |h HEB |i 0503 | ||
| 936 | r | v | |a MS 6530 |b Soziologie der Freizeit |k Soziologie |k Spezielle Soziologien |k Soziologie der Freizeit |0 (DE-627)1271082772 |0 (DE-625)rvk/123758: |0 (DE-576)201082772 |
| 936 | s | n | |a m200 |2 mzub |
| 951 | |a BO | ||
| ELC | |b 1 | ||
| LOK | |0 000 xxxxxcx a22 zn 4500 | ||
| LOK | |0 001 3337848796 | ||
| LOK | |0 003 DE-627 | ||
| LOK | |0 004 272597783 | ||
| LOK | |0 005 20151019125951 | ||
| LOK | |0 008 900503||||||||||||||||ger||||||| | ||
| LOK | |0 040 |a DE-21 |c DE-627 |d DE-21 | ||
| LOK | |0 852 |a DE-21 | ||
| LOK | |0 852 1 |c KB 18 A 6460 |9 00 | ||
| LOK | |0 935 |a krim | ||
| LOK | |0 939 |a 03-05-90 |b l01 | ||
| ORI | |a SA-MARC-krimdoka001.raw | ||
| SIG | |a UB: KB 18 A 6460 | ||
